Anagrams - Seas - Statistics

General Stats
  • This quiz has been taken 561 times
  • The average score is 14 of 22
Answer Stats
Anagram Body of Water % Correct
dre Red
95%
anti talc Atlantic
94%
inn aid Indian
93%
thorn North
88%
lit cab Baltic
80%
e comix Mexico
77%
rabbi acne Caribbean
75%
baa rain Arabian
72%
reanimate nerd Mediterranean
70%
dean Aden
64%
hurt nose Southern
64%
shingle English
57%
tribal rag Gibraltar
56%
a sniper Persian
56%
in berg Bering
54%
icy abs Biscay
50%
cat radii Adriatic
48%
chain shout South China
48%
hobo spurs Bosphorus
39%
peace shake Chesapeake
37%
hounds Hudson
28%
ladder leans Dardanelles
15%
No matching quizzes found
Score Distribution
Percent of People with Each Score
Percentile by Number Answered
Your Score History
You have not taken this quiz